| 000 | 00396nam a2200181Ia 4500 | ||
|---|---|---|---|
| 005 | 20251020182532.0 | ||
| 008 | 200515s9999 xx 000 0 und d | ||
| 082 | _a712.3/I36 | ||
| 245 | 0 | _aJardines, proyecto y construcción | |
| 250 | _a13a ed. | ||
| 260 | _aBarcelona | ||
| 260 | _c1980 | ||
| 300 | _aCeac | ||
| 500 | _a1 ejemplar | ||
| 650 | _aJARDINES | ||
| 650 | _aLIB | ||
| 942 | _cLIB | ||
| 999 |
_c2126 _d2126 |
||